| 000 | 00546nam a2200193uu 4500 | ||
|---|---|---|---|
| 001 | WIIW0000188 | ||
| 003 | OSt | ||
| 005 | 20240920152901.0 | ||
| 007 | tu | ||
| 008 | 240920t2020 xxk||||| ||||||0| | eng d | ||
| 020 | _a978-3-7076-8083-0 | ||
| 040 | _cOSt | ||
| 041 | _aeng | ||
| 100 | _dÖsterreichische Gesellschaft für Europapolitik (Hg.) | ||
| 245 | 0 | 0 |
_aEuropa neu gedacht _bWie ein aktives Österreich zu einem starken Europa beitragen kann |
| 260 |
_aWien _bCzernin Verlag _c2024 |
||
| 300 |
_a169 S. ; _c21,5 cm. |
||
| 942 |
_cB _2z _kI _m7964 |
||
| 999 |
_c9053 _d9053 |
||